Fast typing countries (Easy Spelling Version) - Statistics

General Stats
  • This quiz has been taken 8,080 times
    8,077 since last reset
  • The average score is 20 of 26
Answer Stats
Hint Answer % Correct
United States United States
96%
China China
94%
Germany Germany
93%
Japan Japan
93%
Russia Russia
93%
United Kingdom United Kingdom
91%
Canada Canada
90%
Vietnam Vietnam
89%
Mexico Mexico
88%
Italy Italy
87%
Bolivia Bolivia
83%
Chad Chad
83%
Denmark Denmark
83%
Sweden Sweden
81%
Australia Australia
78%
Nigeria Nigeria
78%
Cuba Cuba
73%
Switzerland Switzerland
70%
North Korea North Korea
67%
Taiwan Taiwan
67%
Panama Panama
59%
Argentina Argentina
58%
Honduras Honduras
51%
Hungary Hungary
46%
Turkey Turkey
46%
South Africa South Africa
45%
No matching quizzes found
Score Distribution
Percent of People with Each Score
Percentile by Number Answered
Your Score History
You have not taken this quiz since the last reset